[Event "Rilton Cup 50th"]
[Site "Stockholm"]
[Date "2022.12.30"]
[Round "4"]
[White "Derakhshani, Borna"]
[Black "Mertanen, Janne"]
[Result "1/2-1/2"]
[WhiteElo "2400"]
[BlackElo "2269"]
[PlyCount "67"]
[EventDate "2022.12.27"]
[EventType "swiss"]
[EventRounds "9"]
[EventCountry "SWE"]
[SourceTitle "CBM 212 Extra"]
[Source "ChessBase"]
[SourceDate "2023.03.31"]
[SourceVersion "1"]
[SourceVersionDate "2023.03.31"]
[SourceQuality "1"]

1. Nf3 c5 2. b3 Nc6 3. Bb2 Nf6 4. c4 g6 5. g3 Bg7 6. Bg2 0-0 7. 0-0 d6 8. d4 cxd4 9. Nxd4 Bd7 10. Nc3 Nxd4 11. Qxd4 Bc6 12. Nd5 Ne8 13. Qd2 Bxb2 14. Qxb2 Nc7 15. e4 e5 16. f4 f6 17. fxe5 fxe5 18. Rxf8+ Kxf8 19. Rf1+ Kg7 20. c5 Ne6 21. Qf2 Qf8 22. Qe3 Qd8 23. Qf2 Qf8 24. Qe3 Qd8 25. Qf3 Ng5 26. Qf2 Qf8 27. Qd2 Qd8 28. cxd6 Ne6 29. Qf2 Qf8 30. Qxf8+ Rxf8 31. Rd1 Rd8 32. Ne3 Ng5 33. Nc4 Nf7 34. Kf2 1/2-1/2

[Event "FIN-chT 2223"]
[Site "Finland"]
[Date "2022.11.12"]
[Round "6.5"]
[White "Mertanen, Janne"]
[Black "Valkama, Eero"]
[Result "1/2-1/2"]
[WhiteElo "2272"]
[BlackElo "2258"]
[PlyCount "78"]
[EventDate "2022.09.24"]
[EventType "team-tourn"]
[EventRounds "11"]
[EventCountry "FIN"]
[SourceTitle "EXT 2024"]
[Source "ChessBase"]
[SourceDate "2023.10.10"]
[SourceVersion "1"]
[SourceVersionDate "2023.10.10"]
[SourceQuality "1"]
[WhiteTeam "Tampere Tammer"]
[BlackTeam "Salo SalSK"]
[WhiteTeamCountry "FIN"]
[BlackTeamCountry "FIN"]

1. d4 Nf6 2. Bg5 e6 3. e3 c5 4. c3 cxd4 5. exd4 b6 6. Nf3 Bb7 7. Nbd2 Be7 8. Bd3 d6 9. Bxf6 Bxf6 10. Qe2 Nd7 11. 0-0-0 Qc7 12. Kb1 0-0-0 13. Ne4 Be7 14. h4 Nf6 15. Nxf6 Bxf6 16. Be4 Bxe4+ 17. Qxe4 d5 18. Qd3 h5 19. Rhe1 Kb7 20. g3 Rc8 21. Nd2 g6 22. Qf3 Bg7 23. Nb3 Rhe8 24. Nc1 Qe7 25. Nd3 Qf6 26. Qg2 Qd8 27. Re3 Rc7 28. Qf3 Qf6 29. Qe2 Bf8 30. Ne5 Bd6 31. Nd3 Rh8 32. f4 Qd8 33. Rc1 Qd7 34. Qf3 Kb8 35. Re2 Qb5 36. Ka1 Rhc8 37. Rec2 Be7 38. Ne5 Bf6 39. Qe3 Qa4 1/2-1/2

[Event "EU-Cup 35th"]
[Site "Ulcinj"]
[Date "2019.11.16"]
[Round "7.17"]
[White "Mertanen, Janne"]
[Black "Mesman, Edwyn"]
[Result "1/2-1/2"]
[WhiteElo "2252"]
[BlackElo "2156"]
[PlyCount "60"]
[EventDate "2019.11.10"]
[EventType "team-swiss"]
[EventRounds "7"]
[EventCountry "MNE"]
[SourceTitle "CBM 193 Extra"]
[Source "ChessBase"]
[SourceDate "2020.01.31"]
[SourceVersion "1"]
[SourceVersionDate "2020.01.31"]
[SourceQuality "1"]
[WhiteTeam "Tammer Shakki"]
[BlackTeam "Kennemer Combinatie"]
[WhiteTeamCountry "FIN"]
[BlackTeamCountry "NED"]

1. d4 Nf6 2. Bg5 d5 3. Bxf6 gxf6 4. c4 c6 5. cxd5 cxd5 6. Nc3 Bg7 7. e3 Nc6 8. Rc1 0-0 9. Bd3 e6 10. Qh5 f5 11. Nge2 Qf6 12. f4 Qg6 13. Qf3 b6 14. a3 Bd7 15. b4 Ne7 16. Rg1 Nc8 17. Bb1 Nd6 18. g4 fxg4 19. Rxg4 Qh6 20. Rg5 f5 21. Ng3 Kh8 22. Nh5 Rg8 23. Bd3 Rac8 24. Kd2 Nf7 25. Rg3 Bf6 26. Nxf6 Qxf6 27. Rcg1 Nd6 28. Qh5 Rxg3 29. hxg3 Rg8 30. g4 Qf7 1/2-1/2

[Event "EU-Cup 35th"]
[Site "Ulcinj"]
[Date "2019.11.12"]
[Round "3.17"]
[White "Slavin, Gennadie"]
[Black "Mertanen, Janne"]
[Result "0-1"]
[WhiteElo "2313"]
[BlackElo "2252"]
[PlyCount "58"]
[EventDate "2019.11.10"]
[EventType "team-swiss"]
[EventRounds "7"]
[EventCountry "MNE"]
[SourceTitle "EXT 2021"]
[Source "ChessBase"]
[SourceDate "2020.10.23"]
[SourceVersion "1"]
[SourceVersionDate "2020.10.23"]
[SourceQuality "1"]
[WhiteTeam "Perfect"]
[BlackTeam "Tammer Shakki"]
[WhiteTeamCountry "RUS"]
[BlackTeamCountry "FIN"]

1. e4 c5 2. Nf3 e6 3. c3 d5 4. e5 d4 5. Bb5+ Bd7 6. Bxd7+ Qxd7 7. cxd4 cxd4 8. d3 Ne7 9. Bf4 Nd5 10. Bg3 Bb4+ 11. Nbd2 Ne3 12. Qb3 Nc6 13. Ke2 Nd5 14. a3 Be7 15. Rhe1 0-0 16. Kf1 Rac8 17. Rac1 h6 18. Nc4 Rc7 19. Rc2 Rb8 20. Rec1 b5 21. Nd6 f5 22. Nxf5 exf5 23. Nxd4 Nxd4 24. Rxc7 Nxb3 25. Rxd7 Nxc1 26. Rxd5 Rd8 27. Rxd8+ Bxd8 28. d4 Nd3 29. b3 f4 0-1

[Event "EU-Cup 35th"]
[Site "Ulcinj"]
[Date "2019.11.10"]
[Round "1.2"]
[White "Ponkratov, Pavel"]
[Black "Mertanen, Janne"]
[Result "1-0"]
[WhiteElo "2619"]
[BlackElo "2252"]
[PlyCount "71"]
[EventDate "2019.11.10"]
[EventType "team-swiss"]
[EventRounds "7"]
[EventCountry "MNE"]
[SourceTitle "CBM 193 Extra"]
[Source "ChessBase"]
[SourceDate "2020.01.31"]
[SourceVersion "1"]
[SourceVersionDate "2020.01.31"]
[SourceQuality "1"]
[WhiteTeam "Mednyi Vsadnik"]
[BlackTeam "Tammer Shakki"]
[WhiteTeamCountry "RUS"]
[BlackTeamCountry "FIN"]

1. d4 Nf6 2. c4 c5 3. d5 b5 4. cxb5 a6 5. bxa6 g6 6. Nc3 Bg7 7. e4 0-0 8. Nf3 Qa5 9. Nd2 Bxa6 10. Be2 d6 11. 0-0 Bxe2 12. Qxe2 Qa6 13. Nc4 Nbd7 14. a4 Rfb8 15. Ra3 Rb4 16. Nb5 Nb6 17. b3 Ne8 18. Bg5 Kf8 19. e5 dxe5 20. f4 h6 21. Bh4 e4 22. Qxe4 Qb7 23. Qxe7+ Qxe7 24. Bxe7+ Kxe7 25. Re1+ Kd8 26. Nxb6 Rxb5 27. Nxa8 Rb8 28. Rxe8+ Kxe8 29. Nc7+ Kd7 30. Nb5 Bf8 31. Ra2 c4 32. bxc4 Rc8 33. Rc2 Ra8 34. c5 Rxa4 35. c6+ Kc8 36. d6 1-0

[Event "FIN-chT 1920"]
[Site "Finland"]
[Date "2019.10.19"]
[Round "3.6"]
[White "Mertanen, Janne"]
[Black "Issakainen, Ari"]
[Result "1-0"]
[WhiteElo "2246"]
[BlackElo "2197"]
[PlyCount "59"]
[EventDate "2019.09.14"]
[EventType "team-tourn"]
[EventRounds "11"]
[EventCountry "FIN"]
[SourceTitle "CBM 192 Extra"]
[Source "Chessbase"]
[SourceDate "2019.11.06"]
[SourceVersion "1"]
[SourceVersionDate "2019.11.06"]
[SourceQuality "1"]
[WhiteTeam "Tampere Tammer"]
[BlackTeam "Helsinki Aatos"]
[WhiteTeamCountry "FIN"]
[BlackTeamCountry "FIN"]

1. d4 b6 2. e4 Bb7 3. Nc3 e6 4. Bd3 Bb4 5. Nge2 c5 6. d5 Nf6 7. 0-0 0-0 8. a3 Bxc3 9. Nxc3 d6 10. Bg5 a6 11. a4 Nbd7 12. f4 exd5 13. exd5 Qc7 14. Bc4 Rfe8 15. Qd3 Re7 16. Rae1 Rxe1 17. Rxe1 h6 18. Bh4 Rc8 19. Re7 Qb8 20. Ne4 Re8 21. Rxe8+ Nxe8 22. Bxa6 f5 23. Nc3 Bxa6 24. Qxa6 Nc7 25. Qe2 Nf8 26. Qe7 g5 27. fxg5 Ng6 28. Qf6 Nxh4 29. gxh6 Qf8 30. h7+ 1-0

[Event "Pardubice Czech op-A 30th"]
[Site "Pardubice"]
[Date "2019.07.24"]
[Round "6"]
[White "Mertanen, Janne"]
[Black "Ahn, Hongjin"]
[Result "0-1"]
[WhiteElo "2281"]
[BlackElo "2177"]
[PlyCount "80"]
[EventDate "2019.07.19"]
[EventType "swiss"]
[EventRounds "9"]
[EventCountry "CZE"]
[SourceTitle "CBM 191"]
[Source "ChessBase"]
[SourceDate "2019.08.31"]
[SourceVersion "1"]
[SourceVersionDate "2019.08.31"]
[SourceQuality "1"]

1. d4 g6 2. e4 Nf6 3. e5 Nh5 4. Be2 d6 5. f4 dxe5 6. fxe5 c5 7. d5 e6 8. Nc3 Bg7 9. Nf3 exd5 10. Qxd5 0-0 11. Qxc5 Nd7 12. Qf2 Nxe5 13. Nxe5 Bxe5 14. Bxh5 Bd4 15. Qg3 Re8+ 16. Be2 Qe7 17. Qf3 Qh4+ 18. g3 Bg4 19. Qd3 Bxc3+ 20. bxc3 Qe7 21. 0-0 Bxe2 22. Qd4 Rad8 23. Qf6 Qxf6 24. Rxf6 Rd1+ 25. Kg2 Bc4 26. Bb2 Re2+ 27. Rf2 Bd5+ 28. Kh3 Be6+ 29. Kg2 Rdd2 30. Rxe2 Rxe2+ 31. Kf3 Rxc2 32. Bc1 Rxc3+ 33. Be3 Bd5+ 34. Ke2 Rc2+ 35. Kd3 Rxh2 36. Re1 Rxa2 37. Bd4 Be6 38. Kc3 Ra3+ 39. Kb4 Rb3+ 40. Ka4 Rxg3 0-1

[Event "Pardubice Czech op-A 30th"]
[Site "Pardubice"]
[Date "2019.07.20"]
[Round "2"]
[White "Mertanen, Janne"]
[Black "Abdumalik, Zhansaya"]
[Result "1-0"]
[WhiteElo "2281"]
[BlackElo "2458"]
[PlyCount "135"]
[EventDate "2019.07.19"]
[EventType "swiss"]
[EventRounds "9"]
[EventCountry "CZE"]
[SourceTitle "CBM 191"]
[Source "ChessBase"]
[SourceDate "2019.08.31"]
[SourceVersion "1"]
[SourceVersionDate "2019.08.31"]
[SourceQuality "1"]

1. d4 Nf6 2. Bg5 d5 3. Bxf6 gxf6 4. c4 e6 5. e3 dxc4 6. Bxc4 f5 7. Nc3 a6 8. Nf3 b5 9. Be2 Nd7 10. Nd2 c5 11. Bf3 Ra7 12. Nb3 c4 13. Nd2 e5 14. a4 b4 15. Na2 Rc7 16. Rc1 exd4 17. exd4 b3 18. Nc3 Nf6 19. 0-0 Bh6 20. Re1+ Kf8 21. d5 Kg7 22. Nf1 Qd6 23. Ne3 Bf4 24. Ne2 Bxh2+ 25. Kf1 Re8 26. Nxc4 Qb4 27. Qd4 a5 28. Qh4 h6 29. Qxh2 Rxc4 30. Nc3 Rd8 31. Qg3+ Kh7 32. Qe5 Ng4 33. Bxg4 Rxg4 34. Qf6 Rdg8 35. g3 f4 36. Re4 Qb8 37. Rxf4 Rxf4 38. gxf4 Qb4 39. Qe5 Qb6 40. Qe4+ Kh8 41. Qe5+ f6 42. Qh5 Kh7 43. Nb5 Ba6 44. Qf5+ Kh8 45. Qd3 Rd8 46. Rd1 Qb8 47. d6 Qb7 48. d7 Qh1+ 49. Ke2 Qh5+ 50. Kd2 Qg4 51. Kc3 Qxf4 52. Qd6 Qxf2 53. Kxb3 Bxb5 54. axb5 a4+ 55. Ka2 a3 56. Rd2 Qh4 57. Qe7 Qc4+ 58. b3 Qc7 59. Qxf6+ Kh7 60. Qf7+ Kh8 61. Qf6+ Kh7 62. b6 Qb8 63. Qe7+ Kg6 64. Rd6+ Kh5 65. Qe5+ Kg4 66. Rd4+ Kf3 67. Qxb8 Rxb8 68. d8Q 1-0

[Event "FIN-chT 1819"]
[Site "Finland"]
[Date "2019.04.06"]
[Round "10.8"]
[White "Mertanen, Janne"]
[Black "Kosmo, Santul"]
[Result "0-1"]
[WhiteElo "2297"]
[BlackElo "2197"]
[PlyCount "54"]
[EventDate "2018.09.15"]
[EventType "team-tourn"]
[EventRounds "11"]
[EventCountry "FIN"]
[SourceTitle "CBM 189 Extra"]
[Source "ChessBase"]
[SourceDate "2019.06.03"]
[SourceVersion "1"]
[SourceVersionDate "2019.06.03"]
[SourceQuality "1"]
[WhiteTeam "Tampere Tammer"]
[BlackTeam "Helsinki Comeon"]
[WhiteTeamCountry "FIN"]
[BlackTeamCountry "FIN"]

1. d4 Nf6 2. c4 c5 3. d5 e6 4. Nc3 exd5 5. cxd5 d6 6. e4 g6 7. h3 Bg7 8. Nf3 a6 9. Bd3 Nh5 10. a4 Nd7 11. Bg5 Bf6 12. Be3 Ne5 13. Be2 Nxf3+ 14. Bxf3 Ng7 15. Qd2 0-0 16. 0-0 Be5 17. a5 f5 18. Bg5 Qc7 19. Na4 fxe4 20. Bxe4 Bf5 21. Bxf5 Rxf5 22. Rac1 Qf7 23. Nb6 Rf8 24. Be3 Nh5 25. Rc4 Nf4 26. b4 cxb4 27. Rxb4 Bc3 0-1

[Event "FIN-chT1A 1819"]
[Site "Finland"]
[Date "2018.09.15"]
[Round "1.1"]
[White "Hurme, Harri M"]
[Black "Mertanen, Janne"]
[Result "0-1"]
[WhiteElo "2227"]
[BlackElo "2297"]
[PlyCount "68"]
[EventDate "2018.09.15"]
[EventType "team-tourn"]
[EventRounds "7"]
[EventCountry "FIN"]
[SourceTitle "EXT 2020"]
[Source "ChessBase"]
[SourceDate "2019.10.17"]
[SourceVersion "1"]
[SourceVersionDate "2019.10.17"]
[SourceQuality "1"]
[WhiteTeam "Helsinki LauttSK"]
[BlackTeam "Tampere Tammer II"]
[WhiteTeamCountry "FIN"]
[BlackTeamCountry "FIN"]

1. d4 Nf6 2. c4 c5 3. d5 b5 4. cxb5 a6 5. bxa6 g6 6. Nc3 Bg7 7. e4 0-0 8. Nf3 Qa5 9. Bd2 Bxa6 10. Be2 Bxe2 11. Qxe2 Qa6 12. h3 d6 13. a4 Qxe2+ 14. Kxe2 Na6 15. Rab1 Rfb8 16. Rhe1 Rb3 17. Bc1 Nd7 18. Nd2 Rb4 19. Ra1 c4 20. Nf1 Nac5 21. Ne3 Nd3 22. Rd1 Nxb2 23. Bd2 Nxd1 24. Kxd1 Bxc3 25. Bxc3 Rbxa4 26. Rc1 Nc5 27. f3 Rb8 28. Rc2 Rb1+ 29. Ke2 Nb3 30. Kf2 Rc1 31. Rxc1 Nxc1 32. f4 Ra2+ 33. Kf3 Ne2 34. Be1 c3 0-1

[Event "Pardubice Czech op-A 29th"]
[Site "Pardubice"]
[Date "2018.07.26"]
[Round "7"]
[White "Horvath, Dominik"]
[Black "Mertanen, Janne"]
[Result "0-1"]
[WhiteElo "2429"]
[BlackElo "2292"]
[PlyCount "60"]
[EventDate "2018.07.20"]
[EventType "swiss"]
[EventRounds "9"]
[EventCountry "CZE"]
[SourceTitle "CBM 185 Extra"]
[Source "ChessBase"]
[SourceDate "2018.07.29"]
[SourceVersion "1"]
[SourceVersionDate "2018.07.29"]
[SourceQuality "1"]

1. Nf3 c5 2. c4 Nc6 3. Nc3 e5 4. e3 Nf6 5. d4 cxd4 6. exd4 e4 7. Ne5 Bd6 8. c5 Bb8 9. Nc4 d5 10. cxd6 0-0 11. Bf4 Na5 12. Ne3 Bxd6 13. Bxd6 Qxd6 14. d5 Qe5 15. Be2 Rd8 16. Qa4 b6 17. Rc1 Nb7 18. b4 Nd6 19. 0-0 Bb7 20. Rfd1 h5 21. Ba6 Bxa6 22. Qxa6 Ng4 23. Nxg4 hxg4 24. Nb5 Nf5 25. Qb7 e3 26. fxe3 g3 27. h3 Nxe3 28. Rd2 Nxg2 29. Rf1 Qe3+ 30. Kh1 Nf4 0-1

[Event "Pardubice Czech op-A 29th"]
[Site "Pardubice"]
[Date "2018.07.25"]
[Round "6"]
[White "Mertanen, Janne"]
[Black "Matviishen, Viktor"]
[Result "1/2-1/2"]
[WhiteElo "2292"]
[BlackElo "2423"]
[PlyCount "128"]
[EventDate "2018.07.20"]
[EventType "swiss"]
[EventRounds "9"]
[EventCountry "CZE"]
[SourceTitle "CBM 185 Extra"]
[Source "ChessBase"]
[SourceDate "2018.07.29"]
[SourceVersion "1"]
[SourceVersionDate "2018.07.29"]
[SourceQuality "1"]

1. d4 Nf6 2. c4 e6 3. Nc3 Bb4 4. Nf3 b6 5. e3 Bb7 6. Bd3 Ne4 7. 0-0 Bxc3 8. bxc3 f5 9. Ne1 0-0 10. f3 Nf6 11. Qe2 d6 12. e4 fxe4 13. fxe4 e5 14. c5 bxc5 15. dxe5 dxe5 16. Nf3 Nbd7 17. Bc4+ Kh8 18. Ng5 Qe7 19. Ne6 Nxe4 20. Nxf8 Rxf8 21. Rxf8+ Qxf8 22. Be3 Qe8 23. Rf1 Ndf6 24. Qb2 Qc6 25. Qb5 Qxb5 26. Bxb5 Nxc3 27. Bc4 Bd5 28. Bxd5 Ncxd5 29. Bxc5 a6 30. Rf3 Nd7 31. Rd3 c6 32. Be3 Kg8 33. Ra3 Kf7 34. Kf2 Nc7 35. Rc3 c5 36. Bxc5 Nd5 37. Rc4 N7f6 38. Ba7 Kg6 39. Ra4 Kf5 40. Rxa6 Ne4+ 41. Kf1 Nd2+ 42. Ke2 Nc4 43. Rc6 Nf4+ 44. Kf1 Nd2+ 45. Kg1 Ke4 46. a4 Kd5 47. Rc7 Nc4 48. a5 Ne6 49. Rd7+ Kc6 50. Re7 Kd6 51. Rxe6+ Kxe6 52. a6 Kd5 53. Bf2 Kc6 54. a7 Kb7 55. Kf1 e4 56. Ke2 Nd6 57. Bd4 Nf5 58. Bc5 h5 59. g3 g5 60. Kd2 g4 61. Bf2 e3+ 62. Bxe3 h4 63. gxh4 Nxh4 64. Ke2 Nf3 1/2-1/2

[Event "Tampere We TammerSh A"]
[Site "Tampere"]
[Date "2018.03.31"]
[Round "2"]
[White "Karttunen, Mika"]
[Black "Mertanen, Janne"]
[Result "1-0"]
[WhiteElo "2451"]
[BlackElo "2293"]
[PlyCount "63"]
[EventDate "2018.03.31"]
[EventType "swiss"]
[EventRounds "4"]
[EventCountry "FIN"]
[SourceTitle "EXT 2022"]
[Source "ChessBase"]
[SourceDate "2021.10.06"]
[SourceVersion "1"]
[SourceVersionDate "2021.10.06"]
[SourceQuality "1"]

1. e4 e5 2. Nf3 Nc6 3. d4 exd4 4. Nxd4 Bb4+ 5. c3 Be7 6. Nf5 Bf6 7. Ne3 g6 8. Na3 Bg7 9. Nd5 a6 10. Bg5 Nge7 11. Nf6+ Kf8 12. Nd5 d6 13. Nc4 h6 14. Bh4 g5 15. Bg3 Nxd5 16. exd5 Ne7 17. Be2 Nf5 18. 0-0 Bd7 19. Bh5 Bf6 20. Ne3 Kg7 21. Qd3 Nxe3 22. fxe3 Rf8 23. Rf2 Be8 24. Raf1 Be5 25. Bxe5+ dxe5 26. Rf6 Qxf6 27. Rxf6 Kxf6 28. Qh7 Ke7 29. Qg7 Bd7 30. Qxe5+ Kd8 31. Qf6+ Ke8 32. e4 1-0

[Event "FIN-chT 1718"]
[Site "Finland"]
[Date "2017.12.02"]
[Round "5.7"]
[White "Mertanen, Janne"]
[Black "Simola, Tuomas"]
[Result "1/2-1/2"]
[WhiteElo "2265"]
[BlackElo "2092"]
[PlyCount "52"]
[EventDate "2017.09.16"]
[EventType "team-tourn"]
[EventRounds "11"]
[EventCountry "FIN"]
[SourceTitle "EXT 2019"]
[Source "ChessBase"]
[SourceDate "2018.10.10"]
[SourceVersion "1"]
[SourceVersionDate "2018.10.10"]
[SourceQuality "1"]
[WhiteTeam "Tampere Tammer"]
[BlackTeam "Salo SalSK"]
[WhiteTeamCountry "FIN"]
[BlackTeamCountry "FIN"]

1. d4 d5 2. c4 c6 3. Nf3 e6 4. e3 Bd6 5. b3 f5 6. Bd3 Nf6 7. 0-0 Qe7 8. Bb2 0-0 9. Qc1 Ne4 10. Ba3 Nd7 11. Bxd6 Qxd6 12. Qb2 b6 13. Nc3 a5 14. Rfd1 Qe7 15. Rac1 Bb7 16. Ne2 Rf6 17. a3 Rh6 18. b4 Ndf6 19. Ne5 Nxf2 20. Kxf2 Rxh2 21. Kg1 Ne4 22. Nf3 Rh6 23. bxa5 dxc4 24. Bxc4 b5 25. Bb3 g5 26. d5 g4 1/2-1/2

[Event "FIN-chT 1718"]
[Site "Finland"]
[Date "2017.10.21"]
[Round "3.5"]
[White "Mertanen, Janne"]
[Black "Wikman, Jimmy"]
[Result "1-0"]
[WhiteElo "2265"]
[BlackElo "2121"]
[PlyCount "49"]
[EventDate "2017.09.16"]
[EventType "team-tourn"]
[EventRounds "11"]
[EventCountry "FIN"]
[SourceTitle "EXT 2019"]
[Source "ChessBase"]
[SourceDate "2018.10.10"]
[SourceVersion "1"]
[SourceVersionDate "2018.10.10"]
[SourceQuality "1"]
[WhiteTeam "Tampere Tammer"]
[BlackTeam "Karjaa KarjUra"]
[WhiteTeamCountry "FIN"]
[BlackTeamCountry "FIN"]

1. d4 d5 2. c4 e6 3. Nc3 Bb4 4. e3 Nf6 5. Nge2 0-0 6. cxd5 exd5 7. g3 Bg4 8. Bg2 c6 9. 0-0 Qc8 10. f3 Be6 11. Nf4 Nbd7 12. e4 Bxc3 13. bxc3 Nb6 14. e5 Nfd7 15. Nxe6 fxe6 16. Bh3 Re8 17. f4 Nc4 18. f5 exf5 19. Bxf5 Qd8 20. Bxh7+ Kxh7 21. Qh5+ Kg8 22. Qf7+ Kh8 23. Rf5 g6 24. Qxg6 Nf6 25. exf6 1-0

[Event "FIN-chT 1718"]
[Site "Finland"]
[Date "2017.09.17"]
[Round "2.6"]
[White "Mertanen, Janne"]
[Black "Norri, Joose"]
[Result "1-0"]
[WhiteElo "2265"]
[BlackElo "2240"]
[PlyCount "67"]
[EventDate "2017.09.16"]
[EventType "team-tourn"]
[EventRounds "11"]
[EventCountry "FIN"]
[SourceTitle "CBM 180 Extra"]
[Source "ChessBase"]
[SourceDate "2017.10.06"]
[SourceVersion "1"]
[SourceVersionDate "2017.10.06"]
[SourceQuality "1"]
[WhiteTeam "Tampere Tammer"]
[BlackTeam "Helsinki HSK"]
[WhiteTeamCountry "FIN"]
[BlackTeamCountry "FIN"]

1. d4 f5 2. Nc3 d5 3. Bf4 e6 4. e3 Bb4 5. Nge2 b6 6. a3 Bd6 7. Bxd6 cxd6 8. Nf4 Nf6 9. Bb5+ Kf7 10. h3 Ba6 11. a4 Bxb5 12. axb5 a5 13. g4 g5 14. Nd3 fxg4 15. hxg4 Nbd7 16. f3 h5 17. gxh5 Nxh5 18. f4 Ng3 19. Rxh8 Qxh8 20. Qf3 Qh4 21. fxg5+ Nf5+ 22. Kd2 Qxg5 23. Nxd5 exd5 24. Qxd5+ Ke7 25. Qe4+ Kf6 26. Rf1 d5 27. Qxd5 Re8 28. Qxd7 Re6 29. Nf4 Rd6 30. Nd5+ Kg6 31. Nf4+ Kf6 32. Nd5+ Kg6 33. Qe8+ Kg7 34. Rxf5 1-0

[Event "Pardubice Czech op-A 28th"]
[Site "Pardubice"]
[Date "2017.07.29"]
[Round "9"]
[White "Barthel, Ansgar"]
[Black "Mertanen, Janne"]
[Result "1-0"]
[WhiteElo "2164"]
[BlackElo "2302"]
[PlyCount "59"]
[EventDate "2017.07.21"]
[EventType "swiss"]
[EventRounds "9"]
[EventCountry "CZE"]
[SourceTitle "CBM 179 Extra"]
[Source "ChessBase"]
[SourceDate "2017.08.23"]
[SourceVersion "1"]
[SourceVersionDate "2017.08.23"]
[SourceQuality "1"]

1. e4 Nc6 2. Nf3 d6 3. d4 Nf6 4. Nc3 Bg4 5. Bb5 a6 6. Bxc6+ bxc6 7. 0-0 e6 8. Qd3 Bxf3 9. Qxf3 d5 10. Bg5 Be7 11. e5 Nd7 12. Bxe7 Qxe7 13. Ne2 c5 14. c4 c6 15. Rac1 0-0 16. Qa3 Rfc8 17. f4 Nb6 18. cxd5 cxd5 19. Rxc5 Rxc5 20. Qxc5 Qxc5 21. dxc5 Na4 22. b4 Rb8 23. a3 a5 24. Nd4 axb4 25. Nc6 Ra8 26. axb4 Nc3 27. Nd4 Ra4 28. Rc1 Rxb4 29. Rxc3 Rxd4 30. c6 1-0

[Event "Pardubice Czech op-A 28th"]
[Site "Pardubice"]
[Date "2017.07.27"]
[Round "7"]
[White "Shemyakin, Valeriy"]
[Black "Mertanen, Janne"]
[Result "1/2-1/2"]
[WhiteElo "2173"]
[BlackElo "2302"]
[PlyCount "82"]
[EventDate "2017.07.21"]
[EventType "swiss"]
[EventRounds "9"]
[EventCountry "CZE"]
[SourceTitle "CBM 179 Extra"]
[Source "ChessBase"]
[SourceDate "2017.08.23"]
[SourceVersion "1"]
[SourceVersionDate "2017.08.23"]
[SourceQuality "1"]

1. e4 Nf6 2. e5 Nd5 3. d4 d6 4. c4 Nb6 5. exd6 exd6 6. Nc3 Be7 7. Be3 c6 8. b3 Bf5 9. Bd3 Bxd3 10. Qxd3 d5 11. Nf3 Na6 12. Ne5 Bf6 13. f4 Bxe5 14. fxe5 Qh4+ 15. g3 Qg4 16. a3 Nc7 17. 0-0 Qg6 18. Qe2 0-0 19. Rf3 Rad8 20. Raf1 Ne6 21. Rf6 gxf6 22. Rxf6 dxc4 23. Rxg6+ fxg6 24. Qg4 Rf5 25. bxc4 Nxc4 26. Bf2 Nd2 27. Ne4 Nxe4 28. Qxe4 Rd5 29. Be3 Rb5 30. g4 Rf7 31. a4 Rd5 32. h4 Kg7 33. h5 g5 34. Kg2 a6 35. Kg3 b5 36. axb5 axb5 37. Qc2 Nxd4 38. Bxd4 Rxd4 39. Qxc6 Rd3+ 40. Kg2 Rd2+ 41. Kg3 Rd3+ 1/2-1/2

[Event "FIN-chT 1617"]
[Site "Finland"]
[Date "2017.02.04"]
[Round "7.6"]
[White "Mertanen, Janne"]
[Black "Halmeenmaki, Tuomo"]
[Result "1/2-1/2"]
[WhiteElo "2298"]
[BlackElo "2167"]
[PlyCount "85"]
[EventDate "2016.09.17"]
[EventType "team-tourn"]
[EventRounds "11"]
[EventCountry "FIN"]
[SourceTitle "EXT 2018"]
[Source "ChessBase"]
[SourceDate "2017.10.13"]
[SourceVersion "1"]
[SourceVersionDate "2017.10.13"]
[SourceQuality "1"]
[WhiteTeam "Tampere Tammer"]
[BlackTeam "Helsinki Aatos"]
[WhiteTeamCountry "FIN"]
[BlackTeamCountry "FIN"]

1. d4 Nf6 2. Bg5 g6 3. Bxf6 exf6 4. e3 d5 5. c4 c6 6. cxd5 cxd5 7. Nc3 Be6 8. Nge2 Nd7 9. g3 Nb6 10. Bg2 Bb4 11. Qb3 Bxc3+ 12. Nxc3 0-0 13. 0-0 Qd7 14. Qb5 Qd6 15. Na4 Nxa4 16. Qxa4 a6 17. Rfc1 Rac8 18. Qd1 Kg7 19. Qd2 Rxc1+ 20. Rxc1 Rc8 21. Rxc8 Bxc8 22. Qc3 Be6 23. Qc5 Qd8 24. a3 h5 25. h4 g5 26. hxg5 fxg5 27. e4 b6 28. Qc3 h4 29. e5 h3 30. Bf1 a5 31. g4 Bxg4 32. Bxh3 Qd7 33. Bg2 Be6 34. Qg3 Qd8 35. Bf1 f5 36. exf6+ Qxf6 37. Qe3 Bf7 38. Bg2 Qf5 39. Qc3 Qb1+ 40. Kh2 Qh7+ 41. Kg1 Qb1+ 42. Kh2 Qh7+ 43. Kg1 1/2-1/2

[Event "FIN-chT 1617"]
[Site "Finland"]
[Date "2016.12.10"]
[Round "5.5"]
[White "Mertanen, Janne"]
[Black "Hallman, Valo"]
[Result "1-0"]
[WhiteElo "2298"]
[BlackElo "2134"]
[PlyCount "183"]
[EventDate "2016.09.17"]
[EventType "team-tourn"]
[EventRounds "11"]
[EventCountry "FIN"]
[SourceTitle "EXT 2022"]
[Source "ChessBase"]
[SourceDate "2021.10.06"]
[SourceVersion "1"]
[SourceVersionDate "2021.10.06"]
[SourceQuality "1"]
[WhiteTeam "Tampere Tammer"]
[BlackTeam "Helsinki Velhot"]
[WhiteTeamCountry "FIN"]
[BlackTeamCountry "FIN"]

1. d4 d6 2. Nf3 Nf6 3. c4 Nbd7 4. Nc3 e5 5. e4 Be7 6. Be2 0-0 7. 0-0 c6 8. Be3 a6 9. d5 cxd5 10. cxd5 b5 11. b4 Bb7 12. Nd2 Qb8 13. a4 Rc8 14. Qb3 Qc7 15. Rfc1 bxa4 16. Qxa4 Bd8 17. Nc4 Kf8 18. Qa3 Qb8 19. h3 h6 20. Qb2 Bc7 21. Bd3 Bd8 22. Qe2 Ne8 23. Na5 Bxa5 24. Rxa5 Rc7 25. Qa2 Qc8 26. Qa3 Ke7 27. Qa1 Nef6 28. Ra3 Kf8 29. Rb1 Ke7 30. f3 Nh5 31. b5 Nc5 32. Bxc5 Rxc5 33. bxa6 Bxa6 34. Bxa6 Rxa6 35. Rxa6 Rxc3 36. Rc6 Rxc6 37. dxc6 Qxc6 38. Qa7+ Kf6 39. Qb6 Qxb6+ 40. Rxb6 Ke6 41. h4 Ke7 42. Kf2 Nf6 43. g4 h5 44. g5 Nd7 45. Ra6 g6 46. Ke3 Nc5 47. Ra7+ Ke6 48. Kd2 Nb3+ 49. Kd3 Nc1+ 50. Ke3 Nb3 51. Rb7 Nc5 52. Rc7 Na6 53. Rb7 Nc5 54. Ra7 Nb3 55. Kd3 Nc1+ 56. Kc4 Ne2 57. Ra2 Nf4 58. Rd2 Kd7 59. Kb5 Ne6 60. Kb6 Nf4 61. Ra2 Nd3 62. Ra7+ Ke6 63. Kc7 Ke7 64. Kc6+ Ke6 65. Ra8 Ke7 66. Rb8 Nf4 67. Rb2 Nd3 68. Rb7+ Ke6 69. Rb1 Ke7 70. Rd1 Nb4+ 71. Kc7 Na6+ 72. Kb6 Nb4 73. Rd2 Kd7 74. Kb5 Nc6 75. Kc4 Ke6 76. Ra2 Nd4 77. Rf2 Nc6 78. Rf1 Na5+ 79. Kb4 Nc6+ 80. Kc4 Ne7 81. Kb5 d5 82. Kc5 d4 83. Ra1 Kd7 84. Ra7+ Ke6 85. Ra3 f5 86. Ra6+ Kd7 87. Rd6+ Ke8 88. Re6 Kd7 89. Rd6+ Ke8 90. Kc4 fxe4 91. fxe4 Kf7 92. Rf6+ 1-0